Online katalóg knižníc regiónu Turca

Bosorka Ana (Record no. 22274)

MARC details
000 -LEADER
fixed length control field 01537cam a2200493 a 4500
001 - CONTROL NUMBER
control field 22274
003 - CONTROL NUMBER IDENTIFIER
control field VRT
005 - DATE AND TIME OF LATEST TRANSACTION
control field 20260324160554.0
008 - FIXED-LENGTH DATA ELEMENTS--GENERAL INFORMATION
fixed length control field 240318s2015 xo g 000 f slo
015 ## - NATIONAL BIBLIOGRAPHY NUMBER
National bibliography number SNBA2016/03
020 ## - INTERNATIONAL STANDARD BOOK NUMBER
International Standard Book Number 9788081145698
Qualifying information (viaz.)
035 ## - SYSTEM CONTROL NUMBER
System control number urn:nbn:sk:snk-am00a3pb
035 ## - SYSTEM CONTROL NUMBER
System control number urn:nbn:sk:snk-am3h8fd
035 ## - SYSTEM CONTROL NUMBER
System control number 081ED916-CBDD-4398-8364-4F41714B399B
039 #9 - LEVEL OF BIBLIOGRAPHIC CONTROL AND CODING DETAIL [OBSOLETE]
Level of rules in bibliographic description 202403182128
Level of effort used to assign nonsubject heading access points VLOAD
Level of effort used to assign subject headings 202310241422
Level of effort used to assign classification AUTHORITY
Level of effort used to assign subject headings 201811301429
Level of effort used to assign classification VLOAD
Level of effort used to assign subject headings 201605120942
Level of effort used to assign classification mvkhe01
040 ## - CATALOGING SOURCE
Original cataloging agency PPPK
Language of cataloging slo
Transcribing agency PPPK
Modifying agency SNK
Description conventions AACR2
041 0# - LANGUAGE CODE
Language code of text/sound track or separate title slo
044 ## - COUNTRY OF PUBLISHING/PRODUCING ENTITY CODE
MARC country code xo
ISO country code SK
072 #7 - SUBJECT CATEGORY CODE
Subject category code 821.162.4-3
Subject category code subdivision Slovenská próza
Source konspekt
080 ## - UNIVERSAL DECIMAL CLASSIFICATION NUMBER
Universal Decimal Classification number 821.162.4-31
Edition identifier 2011
100 1# - MAIN ENTRY--PERSONAL NAME
Personal name Havranová, Ivana,
Dates associated with a name 1952-
Relationship aut
245 10 - TITLE STATEMENT
Title Bosorka Ana
Statement of responsibility, etc. Ivana Havranová
246 3# - VARYING FORM OF TITLE
Title proper/short title Bosorka
250 ## - EDITION STATEMENT
Edition statement 1. vyd.
260 ## - PUBLICATION, DISTRIBUTION, ETC.
Place of publication, distribution, etc. Bratislava
Name of publisher, distributor, etc. Marenčin PT
Date of publication, distribution, etc. 2015
300 ## - PHYSICAL DESCRIPTION
Extent 190 s.
Dimensions 21 cm
655 #7 - INDEX TERM--GENRE/FORM
Genre/form data or focus term slovenské romány
Source of term SNKPH
655 #7 - INDEX TERM--GENRE/FORM
Genre/form data or focus term Slovak fiction
Source of term SNKPHeng
910 ## - USER-OPTION DATA (OCLC)
User-option data pppk
910 ## - USER-OPTION DATA (OCLC)
User-option data pokpoh
910 ## - USER-OPTION DATA (OCLC)
User-option data vthk
910 ## - USER-OPTION DATA (OCLC)
User-option data totk
910 ## - USER-OPTION DATA (OCLC)
User-option data skpk
910 ## - USER-OPTION DATA (OCLC)
User-option data snk
910 ## - USER-OPTION DATA (OCLC)
User-option data savuk
910 ## - USER-OPTION DATA (OCLC)
User-option data hevk
942 ## - ADDED ENTRY ELEMENTS (KOHA)
Source of classification or shelving scheme Dewey Decimal Classification
Koha item type Krásna literatúra pre dospelých
Suppress in OPAC No
949 ## - LOCAL PROCESSING INFORMATION (OCLC)
6 270001000528283
a svkbbA 147208
b svkbbm 759798
949 ## - LOCAL PROCESSING INFORMATION (OCLC)
6 273K0610317
a svkpoA 231941
b svkpo605083
949 ## - LOCAL PROCESSING INFORMATION (OCLC)
6 17A1180545
a snkSC 168168
b snk2016/4159
o 393/16
s 6100:20160314
949 ## - LOCAL PROCESSING INFORMATION (OCLC)
6 17A1180546
a snkSC 168168 D1
b snk2016/4160
o 393/16
949 ## - LOCAL PROCESSING INFORMATION (OCLC)
6 2889311607
a savukPV 22183
b savuk2016/1248
Holdings
Stav vyradenia Strata Poškodenie Spôsob nadobudnutia Domovská knižnica Aktuálna knižnica Dátum nadobudnutia Total checkouts Čiarový kód exemplára Date last seen Typ exemplára
      Dar Obecná knižnica Horná Štubňa Obecná knižnica Horná Štubňa 24.03.2026   9788081145698 24.03.2026 Krásna literatúra pre dospelých
      Dar Obecná knižnica Turčianska Štiavnička Obecná knižnica Turčianska Štiavnička 29.04.2026   4738001055 29.04.2026 Krásna literatúra pre dospelých
Projekt je podporený Slovenskou asociáciou knižníc
Prevádzkuje Turčianska knižnica Martin 2026